<The> Merriam-Webster New Book of Word Histories

Enregistré dans:
Détails bibliographiques
Format: Livre
Langue:anglais
Publié: Springfield Merriam-Webster 1991
Édition:1. ed.
Sujets:
Tags: Ajouter un tag
Pas de tags, Soyez le premier à ajouter un tag!

MARC

LEADER 00000nam a2200000 4500
001 c018976
005 20221214102151.6
020 |a 0-87779-603-3 
041 0 |a eng 
044 |a US 
245 1 0 |a <The> Merriam-Webster New Book of Word Histories 
250 |a 1. ed. 
264 1 |a Springfield  |b Merriam-Webster  |c 1991 
300 |a 526 s. 
610 2 0 |a angličtina 
610 2 0 |a jazykoveda 
610 2 0 |a jazyky cudzie